| 000 | 01285nam a2200229Ia 4500 | ||
|---|---|---|---|
| 003 | Ost | ||
| 005 | 20260507075727.0 | ||
| 008 | 260507s9999||||xx |||||||||||||| ||und|| | ||
| 040 | _cfsecg | ||
| 041 | _aara | ||
| 082 | _a343.093 | ||
| 100 |
_aعلي حسن، سوزان _eمؤلف |
||
| 245 | 0 |
_aمسؤولية متعهد النقل متعدد الوسائط / _c سوزان علي حسن |
|
| 260 |
_aالاسكندرية: _bدار الجامعة الجديدية, _c2003 |
||
| 300 |
_a225 صفحة؛ _c24 سم |
||
| 490 | _aالمكتبة القانونية | ||
| 504 | _aقائمة الاختصارات : ص. 215 | ||
| 520 | _aمفهوم النقل الدولي ،متعدد الوسائط ، أثر استخدام التكنولوجيا الحديثة على مسئوولية متعهد النقل متعدد الوسائط ، كيفية حساب التعويض في حالة تحويل البضائع ،الشحن على سطح السفينة ، النقل بالمبردات ، القيمة القانونية لوثيقة النقل متعدد الوسائط اتفاقية الامم المتحدة للنقل الدولي متعدد الوسائط لسنة 1980 | ||
| 653 | _aالشحن | ||
| 653 | _aالنقل-قوانين و تشريعات | ||
| 942 | _cكتاب | ||
| 999 |
_c45989 _d45989 |
||